Statistics for Countries Based on First Two Letters

Click here to take the quiz!

General Stats

  • This quiz has been taken 52,423 times
    (52,410 since last reset)
  • The average score is 18 of 24

Answer Stats

First Two Letters Answer % Correct
SPSpain
96%
GHGhana
90%
CRCroatia
90%
CYCyprus
88%
ISIsrael
83%
ZIZimbabwe
81%
RORomania
81%
URUruguay
81%
KEKenya
80%
ECEcuador
80%
HUHungary
80%
BHBhutan
79%
PEPeru
78%
JOJordan
77%
VIVietnam
76%
ELEl Salvador
75%
THThailand
73%
ETEthiopia
72%
LULuxembourg
68%
EREritrea
65%
HAHaiti
64%
HOHonduras
60%
MEMexico
50%
TRTrinidad and Tobago
50%

Score Distribution

Percentile by Number Answered

Percent of People with Each Score

Your Score History

You have not taken this quiz since the last reset